Zrcadlo, zrcadlo - jak je krásná kongresová turistika?

Vymedzenie pojmu kongresová turistika. Súčasná kongresová turistika a jej ekonomický prínos. Klasické produkty kongresovej turistiky a ich termíny. Prognózy ďalšieho vývoja.

Guardado en:
Detalles Bibliográficos
Autor principal: Kalát, Karel
Formato: Capítulo de libro
Lenguaje:checo
Materias:
Etiquetas: Agregar Etiqueta
Sin Etiquetas, Sea el primero en etiquetar este registro!

MARC

LEADER 00000naa$a2200000$$$4500
001 0006276
005 20231018123858.8
041 0 |a cze 
044 |a CZ 
245 1 0 |a Zrcadlo, zrcadlo - jak je krásná kongresová turistika?  |c Karel Kalát 
520 |a Vymedzenie pojmu kongresová turistika. Súčasná kongresová turistika a jej ekonomický prínos. Klasické produkty kongresovej turistiky a ich termíny. Prognózy ďalšieho vývoja. 
610 2 0 |a turistika 
610 2 0 |a ruch cestovný kongresový 
610 2 0 |a Česko 
610 2 0 |a kongresy 
610 2 0 |a konferencie 
610 2 0 |a semináre 
610 2 0 |a sympóziá 
100 1 |a Kalát, Karel